Giáo trình quan hệ chính trị quốc tế

Sparad:
Bibliografiska uppgifter
Huvudupphovsman: Dương, Xuân Ngọc, GS.TS
Materialtyp: Bok
Publicerad: Chính trị quốc gia 2008
Taggar: Lägg till en tagg
Inga taggar, Lägg till första taggen!
Thư viện lưu trữ: Mạng thư viện Đại học Đà Nẵng
LEADER 00604nam a2200229 a 4500
001 000029194
003 32333
005 20171030145630.0
008 171030s2008
020 |c 48000 
040 |a LTT 
082 0 |a 327.1  |b DƯ-N 
100 1 |a Dương, Xuân Ngọc, GS.TS 
245 0 0 |a Giáo trình quan hệ chính trị quốc tế  |c Dương Xuân Ngọc, Lưu Văn An. 
260 |b Chính trị quốc gia  |c 2008 
OWN |a LTT 
999 |a From the UDN01 
TYP |a Monograph 
TYP |a Printed language 
980 |a Mạng thư viện Đại học Đà Nẵng